Graphics : LogoDesign5

Bibliographic Details
Other Authors: Pederson, Martin
Format: Book
Language:English
Published: New York : Graphics Inc. , 2001
Subjects:

MARC

LEADER 00000cam a2200000 7i4500
001 0000011809
005 20230718.0
008 030826 nyu eng
020 |a 1888001542 (hbk) 
040 |a INS 
090 0 0 |a NC1002.L47   |b .G7678 2001 
245 0 0 |a Graphics :   |b LogoDesign5   |c edited by Martin Pederson 
246 0 0 |a LogoDesign5 
260 |a New York :   |b Graphics Inc. ,   |c 2001 
300 |a 256 p. :   |b col. ill. ;   |c 30 cm. 
650 0 |a Logos (Symbols) 
700 1 |a Pederson, Martin 
999 |a 0000011859   |b BOOK   |c Open Shelf   |e Default branch